Rukun iman

Bibliographic Details
Main Author: Iskandar Dzulkarnain
Format: Book
Published: Selangor : Darul Mughni Publisher , 2014
Series:Buku teras anak islam
Subjects:

MARC

LEADER 00000cam a2200000 7i4500
001 0000044808
005 20230125.0
008 150118
020 |a 9670618180 
020 |a 9789670618180 
090 0 0 |a JF   |b REG MAL 
100 1 |a Iskandar Dzulkarnain 
245 1 0 |a Rukun iman   |c Iskandar Dzulkarnain; translated: Zukifli Barkatullah 
260 |a Selangor :   |b Darul Mughni Publisher ,   |c 2014 
490 1 |a Buku teras anak islam 
500 |a Children ages 7-9 years old (orange) 
650 0 |a Faith (Islam)   |x Juvenile literature 
650 0 |a Islam   |x Doctrines   |x Juvenile literature 
999 |a 0001304597   |b Book   |c Baby   |e Cawangan Mersing 
999 |a 0001304598   |b Book   |c Children Collection   |e Cawangan Bandar Penawar 
999 |a 0001304600   |b Book   |c Children Collection   |e Cawangan Taman Universiti 
999 |a 0001304601   |b Book   |c Children Collection   |e Cawangan Tmn. Ungku Tun Aminah 
999 |a 0001304602   |b Book   |c Children Collection   |e Cawangan Segamat 
999 |a 0001304603   |b Book   |c Children Collection   |e Cawangan Bukit Gambir 
999 |a 0001304605   |b Book   |c Children Collection   |e Cawangan Muar